The Premiership of Tony Blair - Statistics

General Stats
  • This quiz has been taken 42 times
    19 since last reset
  • The average score is 12 of 19
Answer Stats
Hint Answer % Correct
What election year did he win a landslide victory making him Prime Minister? 1997
94%
1998 deal made to end "The Troubles" in Northern Ireland? Good Friday Agreement
94%
Country invaded in 2003? Iraq
94%
Name of new branch of this party? New Labour
94%
When did he become leader of this party? 1994
83%
Who served as his Chancellor? Gordon Brown
83%
What is the blank word in "Tough on ____, Tough on the causes of ____" Crime
78%
What was his party? Labour Party
78%
What did he introduce in 1999 for low-paid workers? The Minimum Wage
78%
Decentralising power from Westminster by creating ____ governments in Scotland, Wales and Northern Ireland? devolved/devolution
67%
He removed what from the House of Lords (mostly)? Hereditary Peers
61%
"Spin Doctor" who led his campaign in 1997? Alastair Campbell
56%
Who served as his Deputy Prime Minister? John Prescott
50%
His wife? Cherie Blair
44%
What constituency did he represent from 1983-2007? Sedgefield
44%
Institute created in the Constitutional Reform Act 2005? The Supreme Court
39%
Major 1998 Act that embedded the European Convention on Human Rights into UK law? Human Rights Act
33%
What is the blank word in "____,____,____" Education
28%
What did he legalise in 2004? Same Sex Marriage
28%
No matching quizzes found
Score Distribution
Percent of People with Each Score
Percentile by Number Answered
Your Score History
You have not taken this quiz since the last reset